Statistics for Top Cashew-Producing Countries

Click here to take the quiz!

General Stats

  • This quiz has been taken 70 times
  • The average score is 6 of 12

Answer Stats

Tons Country % Correct
133,465Brazil
94%
745,000India
94%
131,685Indonesia
87%
863,060Vietnam
78%
98,253Nigeria
62%
222,541Philippines
57%
164,245Tanzania
49%
139,000Mozambique
40%
711,000Ivory Coast
27%
155,953Guinea-Bissau
22%
151,836Benin
21%
99,027Burkina Faso
17%

Score Distribution

Percentile by Number Answered

Percent of People with Each Score

Your Score History

You have not taken this quiz